banner-ar

عناق الايدى : قصص من الادب الاسيوى / (Record no. 42754)

MARC details
000 -الفاتح
حقل البيانات ثابتة الطول 00550nam a2200193Ia 4500
008 - عناصر البيانات ثابتة الطول - معلومات عامة
حقل البيانات ثابتة الطول 140319s9999 xx 000 0 ara d
040 ## - مصدر الفهرسة
وكالة الفهرسة الأصلية GCL /
وكالة النسخ GCL
082 04 - رقم تصنيف ديوى العشرى
رقم التصنيف 891
رقم المادة ف ع
100 1# - المدخل الرئيسى - إسم شخصى
الإسم الشخصى فوميكو، هياشى
245 10 - بيان العنوان
العنوان عناق الايدى : قصص من الادب الاسيوى /
بيان المسئوليه,etc فوميكو، هياشى
700 1# - المدخل الاضافى - اسم شخصى
الإسم الشخصى محمد البخارى
300 ## - الوصف المادى
التعداد 81 ص
490 ## - بيان السلسلة
عنوان السلسلة كتب ثقافية
رقم المجلد/ التعيين التسلسلي 0
650 04 - المدخل الاضافى بالموضوع-مصطلح موضوعى
مصطلح موضوعي الادب
650 04 - المدخل الاضافى بالموضوع-مصطلح موضوعى
مصطلح موضوعي القصص
650 04 - المدخل الاضافى بالموضوع-مصطلح موضوعى
مصطلح موضوعي الادب الاسيوى
942 ## - عناصر المدخل الإضافي( كوها)
مصدر التصنيف او مخطط الترفيف Dewey Decimal Classification
Koha [default] item type كتاب
Holdings
حالة التراجع حالة الفقد حالة تلف ليس للاعارة المكان المؤقت الموقع الحالى تاريخ الاكتساب اجمالي اﻻعارات رقم الطلب الباركود تاريخ اخر مشاهدة تاريخ تفعيل السعر نوع وعاء كوها
        مكتبة القاهرة الكبرى مكتبة القاهرة الكبرى 03/26/2014   891\ف ع 103305 03/26/2014 03/26/2014 كتاب

Powered By

EGPV